| 000 | 00473nam a22001817a 4500 | ||
|---|---|---|---|
| 999 |
_c12301 _d12301 |
||
| 008 | 221215b 2012 ||||| |||| 00| 0 eng d | ||
| 020 | _a9780071328777 | ||
| 082 | _bVEE | ||
| 100 | _aVeerarajan T. | ||
| 245 | _aEngineering Mathematics | ||
| 250 | _a3rd ed. | ||
| 260 |
_aNew Delhi _bTata McGraw Hill _c2012 |
||
| 300 | _axvi, 1.1-1.3p. | ||
| 650 | _aMatrices | ||
| 650 | _aThree Dimensional Analytical Geometry | ||
| 650 | _aDifferential Calculus | ||
| 942 | _cGB | ||